000 00421nam a22001817a 4500
003 koha_MIRAKIL
005 20231213095404.0
008 231213b |||||||| |||| 00| 0 ||| d
020 _b9-75632399-X
040 _aTR-IsEVY
_btur
_cTR-IsEVY
082 _a842 MOL/C
100 _aMOLIERE,.
245 0 _aCİMRİ.
260 _bBORDO SİYAH,
_c2006
300 _a141.
650 _aTürk Edebiyatı.
942 _2ddc
_cBK
999 _c2797
_d2797